000 00320nam a22001337a 4500
003 OSt
005 20260213160100.0
008 260213b |||||||| |||| 00| 0 eng d
040 _cfms
100 _aAnderson (D.R)
_91115826
245 _aManagement science
700 _aSweeney(D.J)
_91115827
942 _2CC
_cTB
_e13
_n0
999 _c1679675
_d1679675